Manual de identificación de especies no maderables del corregimiento de Tarapacá, Colombia / (Registro nro. 5906)

Detalles MARC
000 -CABECERA
Campo de control 01364nam a2200313 a 4500
005 - FECHA Y HORA DE LA ULTIMA TRANSACCION
Campo de control 20160211114805.0
008 - ELEMENTOS DE LONGITUD FIJA—INFORMACION GENERAL
Campo de control 110825s2006 ck a gr 00010 spa d
020 ## - ISBN
ISBN 9589795072
040 ## - FUENTE DE CATALOGACIÓN
Agencia catalogadora original CO-BoBLA
Agencia transcriptora CO-BoBLA
Agencia Modificadora CO-BoIAVH
041 0# - IDIOMA
Código de idioma para texto/pista de sonido o título separado Español
044 ## - PAÍS DE PUBLICACIÓN
País de publicación Colombia
082 04 - NUMERO DE CLASIFICACION DECIMAL DEWEY
Número de clasificación LB-582.16086
Número del ítem L86m
100 1# - ASIENTO PRINCIPAL--NOMBRE PERSONAL
Nombre personal López Camacho, René.
9 (RLIN) 442
245 00 - MENCION DE TITULO
Título Manual de identificación de especies no maderables del corregimiento de Tarapacá, Colombia /
Mención de responsabilidad René López Camacho ... [y otros 5].
260 ## - PUBLICACION, DISTRIBUCION, ETC. (PIE DE IMPRENTA)
Lugar de publicación, distribución, etc. Bogotá :
Nombre del editor, distribuidor, etc. Instituto Amazónico de Investigación Científicas. SINCHI :
-- Cooperación Técnica Alemana - GTZ,
Fecha de publicación, distribución, etc. 2006.
300 ## - DESCRIPCION FISICA
Extensión x, 120 láminas a color :
Otros detalles físicos ilustraciones a color ;
Dimensiones 25 x 22 cm.
500 ## - NOTA GENERAL
Nota general Incluye glosario.
504 ## - NOTA DE BIBLIOGRAFIA, ETC.
Nota de bibliografía Incluye bibliografía e índices.
650 #6 - ASIENTO SECUNDARIO DE MATERIA - TERMINO TEMATICO
Término temático o nombre geográfico como elemento de entrada Árboles
Subdivisión general Identificación
Subdivisión geográfica Tarapacá (Amazonas, Colombia)
9 (RLIN) 58885
650 #6 - ASIENTO SECUNDARIO DE MATERIA - TERMINO TEMATICO
Término temático o nombre geográfico como elemento de entrada Árboles
Subdivisión general Fichas técnicas
Subdivisión geográfica Tarapacá (Amazonas, Colombia)
9 (RLIN) 58886
650 #4 - ASIENTO SECUNDARIO DE MATERIA - TERMINO TEMATICO
Término temático o nombre geográfico como elemento de entrada Bosques húmedos
Subdivisión geográfica Amazonas (Región, Colombia)
9 (RLIN) 58887
650 #6 - ASIENTO SECUNDARIO DE MATERIA - TERMINO TEMATICO
Término temático o nombre geográfico como elemento de entrada Botánica
Subdivisión geográfica Tarapacá (Amazonas, Colombia)
9 (RLIN) 58888
700 1# - ASIENTO SECUNDARIO - NOMBRE PERSONAL
Nombre personal Navarro López, Jaime Alberto
9 (RLIN) 26138
700 1# - ASIENTO SECUNDARIO - NOMBRE PERSONAL
Nombre personal Montero González, Martín Iván
9 (RLIN) 26139
700 1# - ASIENTO SECUNDARIO - NOMBRE PERSONAL
Nombre personal Amaya Vecht, Karen
9 (RLIN) 58889
700 1# - ASIENTO SECUNDARIO - NOMBRE PERSONAL
Nombre personal Rodríguez Castañeda, Misael
9 (RLIN) 58890
700 1# - ASIENTO SECUNDARIO - NOMBRE PERSONAL
Nombre personal Polania Barboza, Abraham
9 (RLIN) 58891
942 ## - ELEMENTOS ADICIONALES (KOHA)
Sistema de clasificación Dewey Decimal Classification
Tipo de ítem Libro
Existencias
Withdrawn status Lost status Sistema de Clasificación Damaged status No para préstamo Colección Inventariado Ubicación Permanente Ubicación actual Fecha de adquisición Fuente de Valor Valor Total Checkouts Número topográfico Inventario / Código de Barras Date last seen Date checked out Ejemplar Price effective from Forma de adquisición Tipo de material
    Dewey Decimal Classification     General Inventariado 2017 Bogotá Bogotá 29/08/2014 Instituto 20000.00 1 LB-582.16086 L86m 038272 30/08/2018 30/08/2018 Ej. 1 29/08/2014   Libro
    Dewey Decimal Classification     General Inventariado 2017 Sala Fabio Quevedo Sala Fabio Quevedo 15/01/2016 Instituto 20000.00   LB-582.16086 L86m 042173 15/01/2016   Ej. 2 15/01/2016   Libro